000 00519nam a2200193 a 4500
001 1767515829346
003 YourLibrary
005 20260105104400.0
008 260104s2008##################000#0#eng##
020 _a9780199544028
082 0 4 _a299.9205208
_bELL
100 1 _aElliott, J. K.,
_eauthor.
245 1 0 _aThe Apocryphal Jesus :
260 _bOxford University Press,
_c2008.
300 _a229 pages
650 0 _aBiography & Autobiography.
942 _cENGLISH
040 _aYourLibrary
_beng
_cYourLibrary
999 _c607228
_d607228